000
00345nam a2200133 a 4500
005
20140513081058.0
008
080110s19uu xx 00 eng d
050
_a
VCD
_b
Li778 2002
245
_a
Little mermaid (The):
_b
whale of a tale.
260
_b
Walt disney,
_c
2002.
440
_a
Walt Disney
650
_a
Mermaid-fiction.
999
_c
116623
_d
116623